UEFA Champions League 2015/16 - Statistics

General Stats
  • This quiz has been taken 18 times
  • The average score is 20 of 32
Answer Stats
Hint Answer % Correct
Manchester City
100%
Manchester United
100%
Arsenal
94%
Atletico Madrid
94%
Barcelona
94%
Real Madrid
94%
Chelsea
88%
Juventus
88%
PSG
88%
AS Roma
82%
Bayern Munchen
82%
Porto
82%
PSV
82%
Wolfsburg
82%
Lyon
76%
Sevilla
76%
Benfica
71%
Valencia
71%
Galatasaray
65%
Malmo
65%
Zenit Petersburg
59%
Bayer Leverkusen
47%
Borussia Monchengladbach
47%
Olympiakos
47%
CSKA Moscow
41%
BATE Borisov
29%
GNK Dinamo Zagreb
29%
FC Astana
24%
Shakhtar Donestsk
18%
Dynamo Kiev
12%
Gent
12%
Maccabi Tel Aviv
6%
No matching quizzes found
Score Distribution
Percent of People with Each Score
Percentile by Number Answered
Your Score History
You have not taken this quiz